Teatro moderno español
Guardat en:
| Autor principal: | |
|---|---|
| Format: | Llibre |
| Idioma: | espanyol |
| Publicat: |
Zaragoza
Partenón
1944
|
| Matèries: | |
| Etiquetes: |
Afegir etiqueta
Sense etiquetes, Sigues el primer a etiquetar aquest registre!
|
MARC
| LEADER | 00000nam a2200000 a 4500 | ||
|---|---|---|---|
| 001 | UCQ5351 | ||
| 003 | CL-VaPUC | ||
| 008 | 980925e19440000SP |||||||||||||||||spa|d | ||
| 082 | 0 | 4 | |a 862.09 |b VAL |2 21 |
| 100 | 0 | |a Valbuena Prat, Angel |e author |9 419477 | |
| 245 | 1 | 0 | |a Teatro moderno español |
| 300 | |a 184 p | ||
| 942 | |c BK | ||
| 945 | |d 19980925 00:00:00 |a crobeson | ||
| 260 | |a Zaragoza |b Partenón |c 1944 | ||
| 650 | 0 | |a Drama español |9 265098 | |
| 650 | 0 | |a Literatura española |9 306261 | |
| 650 | 0 | |a Historia y crítica |9 257407 | |
| 583 | |a last modification |c 19980925 00:00:00 |k Rodrigo Vera | ||
| 999 | |c 275564 |d 275562 | ||
| 952 | |0 0 |1 0 |4 0 |6 862_090000000000000_VAL_1944 |7 0 |8 A |9 312337 |a BIBEDU |b BIBEDU |d 2019-11-20 |i 1470736 |o 862.09 VAL 1944 |p 1470736 |r 2019-11-20 |w 2019-11-20 |y BK |k LIT | ||